000 00481nam a2200169 i 4500
001 17682
003 ES-MaACL
005 20230906151636.0
007 t|
008 010425s2001 sp ||||1| spa d
080 _a821.111(73)-92"18"
100 1 _aTwain, Mark.
_9111791
245 1 0 _aExtracts from Adam's Diary
_b: translated from the original MS /
_cby Mark Twain.
260 _a[S.l. :
_bs.n.,
_c2001?]
300 _a12 p. ;
_c21 cm.
852 _aES-MaACL
_j2163-F-11
_bR.130039
999 _c17682
_d17682